ABD ve Türkiye'de televizyon yayıncılığının sorunları (Record no. 6089)

MARC details
000 -BAŞLIK
Sabit Uzunlukta Kontrol Alanı 00795na a2200217 4500
001 - KONTROL NUMARASI
Denetim Alanı 19149
003 - KONTROL NUMARASI IDENTIFIER
Denetim Alanı MIRAKIL
005 - SON İŞLEM TARİHİ VE ZAMANI
Denetim Alanı 20181213155056.0
008 - SABİT-BOY VERİ ELEMANLARI - GENEL BİLGİLER
Sabit Uzunlukta Kontrol Alanı 161209b tu 000 0
040 ## - KATALOGLAMA KAYNAK
Orijinal Kataloglama Ajansı Milas
Kataloglama Dili tur
Metne Dönüştürmek Ajansı TR-AnCHP
041 ## - DİL KODU
Metin / Ses Parça Veya Ayrı Başlığın Dil Kodu tur
082 ## - DEWEY ONLU SINIFLANDIRMA NUMARASI
Sınıflandırma Numarası 070.195
Ürün Numarası A12 1997
090 ## - SINIFLAMA NUMARASI
Sınıflama Numarası 070.195 A12 1997
111 ## - ANA GİRİŞ - TOPLANTI ADI
Giriş Elemanı Olarak Toplantı Adı Veya Yargı Alanı Adı ABD ve Türkiye'de televizyon yayıncılığının sorunları
Toplantının Yeri İstanbul
Toplantı Veya Antlaşma İmzalandığı Tarihi 1997
245 ## - BAŞLIK TABLOSU
Başlık ABD ve Türkiye'de televizyon yayıncılığının sorunları
Başlığın Kalan Aydın Doğan Vakfı ile Amerikan Basın ve Kültür Merkezi ortak sempozyumu
Sorumluluk Tablosu, Vb Aydın Doğan Vakfı
260 ## - YAYIN, DAĞITIM, VB
Yayın, Dağıtım, Vb Yeri İstanbul
Yayıncı, Dağıtıcı, Vs Adı Aydın Doğan Vakfı
Yayın, Dağıtım, Vb Tarihi 1997
300 ## - FİZİKSEL TANIM
Kapsam 212 s.
Boyutlar 19 sm.
650 ## - KONU KATMA GİRİŞ - TOPİKAL DÖNEM
Topikal Süreli Veya Coğrafi Ad Giriş Elemanı Televizyon yayıncılığı
Genel Alt Bölümü Toplantılar
Coğrafi Alt Bölümü Türkiye
650 ## - KONU KATMA GİRİŞ - TOPİKAL DÖNEM
Topikal Süreli Veya Coğrafi Ad Giriş Elemanı Medya
Genel Alt Bölümü Toplantılar
Coğrafi Alt Bölümü Türkiye
942 ## - EKLENDİ GİRİŞ ELEMANLARI (KOHA)
Sınıflandırma Veya Raf Düzeni Kaynak
Koha Öğesi Türü Books
999 ## - SİSTEM KONTROL NUMARALARI (KOHA)
Koha Biblionumber 6089
Koha Biblioitemnumber 6089
Holdings
Kalıcı Konum Mevcut Konum Edinme Tarihi Edinim Kaynak Toplam Check-Out'Lar Tam Çağrı Numarası Barkod Tarih Son Görülme İtibaren Geçerli Fiyatlar Koha Öğesi Türü
CHP Kütüphanesi CHP Kütüphanesi 12/09/2016 Bağış   070.195 A12 1997 010609 12/09/2016 12/09/2016 Books